[Event "Paris-ch op-A 89th"]
[Site "Paris"]
[Date "2014.07.12"]
[Round "8"]
[White "Baron, Thierry"]
[Black "Daspres, Loic"]
[Result "0-1"]
[WhiteElo "2238"]
[BlackElo "2132"]
[PlyCount "68"]
[EventDate "2014.07.05"]
[EventType "swiss"]
[EventRounds "9"]
[EventCountry "FRA"]
[SourceTitle "EXT 2016"]
[Source "ChessBase"]
[SourceDate "2015.10.08"]
[SourceVersion "1"]
[SourceVersionDate "2015.10.08"]
[SourceQuality "1"]

1. e4 c5 2. Nf3 e6 3. d4 cxd4 4. Nxd4 Nc6 5. Nc3 Qc7 6. Be3 a6 7. Qd2 Nf6 8. f3 h5 9. 0-0-0 Be7 10. Kb1 b5 11. Nb3 d6 12. a3 Bb7 13. f4 b4 14. axb4 Nxb4 15. Bd3 d5 16. e5 Nd7 17. Rhe1 g6 18. Bd4 Nxd3 19. cxd3 Qb8 20. Na4 Bc6 21. Nbc5 Bxa4 22. Nxa4 Qb3 23. Qc2 Qb4 24. Qc6 0-0 25. Be3 Rfd8 26. Bd2 Qb3 27. Qc2 Qb7 28. d4 Rdc8 29. Bc3 Rc4 30. Ka2 Rac8 31. b3 R4c6 32. Qb2 Nb6 33. Nxb6 Qxb6 34. Re3 Rxc3 0-1

[Event "Paris-ch op-A 89th"]
[Site "Paris"]
[Date "2014.07.08"]
[Round "4"]
[White "Sahetchian, Armand"]
[Black "Daspres, Loic"]
[Result "0-1"]
[WhiteElo "2186"]
[BlackElo "2132"]
[PlyCount "106"]
[EventDate "2014.07.05"]
[EventType "swiss"]
[EventRounds "9"]
[EventCountry "FRA"]
[SourceTitle "EXT 2016"]
[Source "ChessBase"]
[SourceDate "2015.10.08"]
[SourceVersion "1"]
[SourceVersionDate "2015.10.08"]
[SourceQuality "1"]

1. d4 Nf6 2. Nf3 e6 3. c4 b6 4. g3 Ba6 5. Nbd2 d5 6. cxd5 exd5 7. Bg2 Bd6 8. 0-0 0-0 9. Re1 Nbd7 10. e4 Nxe4 11. Nxe4 dxe4 12. Ng5 Nf6 13. Nxe4 Nxe4 14. Bxe4 Rb8 15. Qh5 g6 16. Qf3 Bb4 17. Rd1 Bc8 18. Bf4 Bd6 19. Rac1 Bxf4 20. Qxf4 Bb7 21. d5 f5 22. Bf3 Rf7 23. h4 Qd6 24. Qa4 a5 25. Rc6 Bxc6 26. dxc6 Qb4 27. Qc2 Re7 28. a3 Qc5 29. Qd2 Rbe8 30. Bd5+ Kg7 31. b4 axb4 32. axb4 Qd6 33. h5 Rd8 34. h6+ Kf6 35. f4 g5 36. Qc3+ Kg6 37. Bf7+ Rxf7 38. Rxd6+ Rxd6 39. fxg5 Kxg5 40. Qc4 Kg6 41. b5 Rff6 42. Qf4 Rf7 43. Qc4 f4 44. gxf4 Rdf6 45. Kh2 Kxh6 46. Qd5 Rxf4 47. Qe6+ Kg5 48. Qe5+ Kg4 49. Qe6+ Kf3 50. Qd5+ Ke3 51. Kg3 R4f5 52. Qd8 h6 53. Qh8 Kd3 0-1

[Event "FRA-ch op-A"]
[Site "Pau"]
[Date "2012.08.14"]
[Round "1"]
[White "Naudier, Serge"]
[Black "Daspres, Loic"]
[Result "1-0"]
[WhiteElo "2199"]
[BlackElo "2053"]
[PlyCount "117"]
[EventDate "2012.08.14"]
[EventType "swiss"]
[EventRounds "11"]
[EventCountry "FRA"]
[SourceTitle "CBM 150 Extra"]
[Source "ChessBase"]
[SourceDate "2012.10.19"]
[SourceVersion "1"]
[SourceVersionDate "2012.10.19"]
[SourceQuality "1"]

1. e4 c6 2. d4 d5 3. Nc3 dxe4 4. Nxe4 Nd7 5. Bc4 Ngf6 6. Ng5 e6 7. Qe2 Nb6 8. Bb3 h6 9. N5f3 c5 10. dxc5 Bxc5 11. Ne5 0-0 12. Ngf3 Nbd7 13. Bf4 Nd5 14. Bxd5 exd5 15. 0-0-0 Nxe5 16. Bxe5 Bf5 17. Bxg7 Re8 18. Qb5 Rc8 19. Bd4 a6 20. Qb3 Bxc2 21. Kxc2 Bxd4+ 22. Kb1 Bg7 23. Rhe1 Rxe1 24. Nxe1 Qd6 25. Nd3 b5 26. g3 Rc4 27. a3 Qe6 28. Re1 Re4 29. Rxe4 Qxe4 30. h4 Qf3 31. Qc2 Bd4 32. Kc1 Kg7 33. Qd1 Qe4 34. Kd2 Qf5 35. Qe2 Qf6 36. Ke1 Qf5 37. g4 Qf6 38. h5 Kg8 39. Kf1 Kg7 40. Kg2 Kg8 41. b3 Qd6 42. a4 bxa4 43. Qe8+ Kg7 44. Qxa4 Bf6 45. Qf4 Qe7 46. Qf5 d4 47. b4 Qb7+ 48. Qf3 Qb5 49. Qe4 a5 50. bxa5 Qxa5 51. Nf4 Qg5 52. Ne2 Qd2 53. Ng3 Qg5 54. Nf5+ Kf8 55. Kg3 Bd8 56. Qxd4 Bc7+ 57. f4 Ke8 58. Kf3 Qg8 59. Qa4+ 1-0

[Event "FRA-ch op-A"]
[Site "Pau"]
[Date "2008.08.20"]
[Round "8"]
[White "Daspres, Loic"]
[Black "Rodon, Gurvan"]
[Result "1-0"]
[WhiteElo "2060"]
[BlackElo "1989"]
[PlyCount "73"]
[EventDate "2008.08.11"]
[EventType "swiss"]
[EventRounds "9"]
[EventCountry "FRA"]
[SourceTitle "CBM 126 Extra"]
[Source "ChessBase"]
[SourceDate "2008.11.05"]
[SourceVersion "1"]
[SourceVersionDate "2008.11.05"]
[SourceQuality "1"]

1. e4 c5 2. Nc3 Nc6 3. g3 g6 4. Bg2 Bg7 5. Nge2 e5 6. 0-0 Nge7 7. d3 0-0 8. f4 d6 9. Be3 Nd4 10. Qd2 Be6 11. fxe5 dxe5 12. Nd1 b6 13. c3 Ndc6 14. Nf2 Qd7 15. Kh1 Rad8 16. Rfd1 Qc8 17. Bh6 Rd6 18. Bxg7 Kxg7 19. Qc2 Rfd8 20. Rd2 Qa6 21. b3 c4 22. bxc4 Bxc4 23. Rad1 Bb5 24. Nc1 Qa3 25. Qb3 Qa6 26. Qb2 Na5 27. c4 Bxc4 28. Qxe5+ f6 29. Qxe7+ Bf7 30. e5 R8d7 31. exf6+ Kg8 32. Qe3 Rxf6 33. Ne4 Re6 34. Bh3 Qb7 35. Bxe6 Bxe6 36. Kg1 Kg7 37. Rf2 1-0